Geography Whodunnit Quiz Stats

Quiz not verified by Sporcle

Challenge
Share
Tweet
Embed
Score 0/75 Timer 17:00
0 Plays Today
Hint Answer % Correct
*CONTINENTAL COURT*
98.4%
Here are the suspects of the Arctic Circle's murder...
98.4%
Antarctica (rt6)
98.4%
Africa (yt5)
98.4%
Asia (ux7)
98.4%
Europe (op9)
98.4%
Oceania (qi9)
98.4%
North America (va3)
98.4%
South America (io0)
98.4%
Type Pacific to go to the next room, or Luna to go to a third room!
98.4%
*PACIFIC OCEAN*
95.3%
1. Morocco is located in Oceania.
95.3%
Accomplices! Answer true or false (T or F) to these questions about geography. Add the number of the question after the T or F. Ex: F1 or T2
95.3%
2. The capital of Switzerland is Kosro.
95.3%
3. Asia is the biggest continent.
95.3%
4. Suriname is located in South America
95.3%
5. Madrid is located in Spain.
95.3%
6. Benin is located in Asia.
95.3%
7. Cleveland is the capital of Ohio.
95.3%
1. Yemen (ki8)
92.2%
2. Seychelles (pa9)
92.2%
3. Norway (uy6)
92.2%
4. Uruguay (zd7)
90.6%
5. Honduras (ju9)
90.6%
*THE MOON*
90.6%
Answer the questions to get the 3 possible weapons.
90.6%
1. What is the capital of Panama?
90.6%
2. Which country is a place where lemurs can be found?
90.6%
3. Which country owns the Galapagos Islands?
90.6%
6. Rwanda (rw5)
89.1%
1. What is the capital of Algeria?
89.1%
*MOUNT EVEREST*
89.1%
Answer these questions to eliminate four of the continents!
89.1%
2. What is the capital of Rwanda?
89.1%
3. Name a U.S. state starting with C.
89.1%
4. Name a South American country starting with C.
89.1%
7. Swaziland (uo1)
87.5%
The countries above are the possible accomplices. Type Luna to go to the next room, or Everest to go to the room after that.
87.5%
Hint Answer % Correct
*VICTORIA FALLS*
85.9%
Answer these questions to eliminate some of the accomplice countries and a weapon.
85.9%
1. What is the national bird of the United States?
85.9%
2. What is the capital of Guyana?
85.9%
3. On which continent is Monaco located?
85.9%
4. Name one of the rivers of Ancient Mesopotamia.
85.9%
5. What is the capital of Japan?
85.9%
4. Antarctica
84.4%
3. Norway
84.4%
5. Missile
84.4%
These countries and weapon were not part of the Arctic Circle's murder. To go the next area, type in Canyon. To go to the final area, where you guess, type in Glacier.
84.4%
*GRAND CANYON*
84.4%
Answer these three questions to find answers that will help you narrow it down to the true criminals.
84.4%
1. What is the capital of Trinidad and Tobago?
84.4%
2. What year did Botswana become independent?
84.4%
3. How many countries are in Africa, as of 2015?
84.4%
1. Nuke (nj2)
82.8%
3. North America
82.8%
2. Missile (ob8)
79.7%
3. Hydrogen Bomb (ta2)
79.7%
The weapons listed above are the possible weapons used to destruct the Arctic Circle. To get to the next room, type Everest. To get to the room after that, type Victoria
79.7%
*CRIME SCENE, AKA the ARCTIC CIRCLE'S DEATH SCENE*
79.7%
To guess your answer, type in the set of 3 numerals for the continent, country, and weapon you think murdered the Arctic Circle. Do it exactly in this order: continent's code, country's code, weapon code.
79.7%
1. Rwanda
78.1%
4. Uruguay
78.1%
1. South America
76.6%
2. Honduras
73.4%
3. The weapon used to murder the Arctic Circle is only one word.
73.4%
To go to the final room to input your accusation, type in Glacier.
73.4%
2. Europe
71.9%
These four continents did not murder the Arctic Circle. For the next area, type in Victoria. For the area after that, type in Canyon.
71.9%
2. The accomplice country does not start with a S.
71.9%
1.The murderer continent does not start with an A
70.3%
YOU WON!!!!! YAY!!!!
62.5%
YOU WON!!!!! YAY!!!!
62.5%
YOU WON!!!!! YAY!!!!
62.5%
YOU WON!!!!! YAY!!!!
62.5%

You're not logged in!

Compare scores with friends on all Sporcle quizzes.
Sign Up with Email
OR
Log In

You Might Also Like...

Show Comments

Extras

Top Quizzes Today


Score Distribution

Your Account Isn't Verified!

In order to create a playlist on Sporcle, you need to verify the email address you used during registration. Go to your Sporcle Settings to finish the process.

Report this User

Report this user for behavior that violates our Community Guidelines.

Details: